| 000 | 00427nam a2200133Ia 4500 | ||
|---|---|---|---|
| 008 | 171212s9999 xx 000 0 und d | ||
| 020 | _a9780300213997 | ||
| 100 | _aPeppard, Michael | ||
| 245 |
_cPeppard, Michael _aThe World's Oldest Church _bBible, Art, and Ritual at Dura-Europos, Syria |
||
| 260 |
_bYale University Press _c2016 |
||
| 440 | _aSynkrisis | ||
| 650 | _aHistory | ||
| 856 | _uhttp://jstor.org/stable/j.ctt1kft8j0 | ||
| 999 |
_c353210 _d353210 |
||